Essentials of research methodology / (Record no. 3087)

MARC details
000 -LEADER
fixed length control field 00710nam a22002177a 4500
003 - CONTROL NUMBER IDENTIFIER
control field OSt
005 - DATE AND TIME OF LATEST TRANSACTION
control field 20240924064049.0
008 - FIXED-LENGTH DATA ELEMENTS--GENERAL INFORMATION
fixed length control field 240924b |||||||| |||| 00| 0 eng d
020 ## - INTERNATIONAL STANDARD BOOK NUMBER
International Standard Book Number 9789710445431
040 ## - CATALOGING SOURCE
Original cataloging agency DWCL-main lib.
Transcribing agency OC
082 ## - DEWEY DECIMAL CLASSIFICATION NUMBER
Classification number Fil. 001.42 Am484e 2008
100 ## - MAIN ENTRY--PERSONAL NAME
Personal name AMANTE, DIOSDADO A.
245 ## - TITLE STATEMENT
Title Essentials of research methodology /
Statement of responsibility, etc. Diosdado A. Amante, Leticia P. Atienza, Catalino N. Mendoza.
260 ## - PUBLICATION, DISTRIBUTION, ETC.
Place of publication, distribution, etc. Manila :
Name of publisher, distributor, etc. Mindshapers Co., Inc.,
Date of publication, distribution, etc. c2008.
300 ## - PHYSICAL DESCRIPTION
Extent 122 pages ;
Dimensions 26 cm.
504 ## - BIBLIOGRAPHY, ETC. NOTE
Bibliography, etc. note Includes bibliographical references.
650 ## - SUBJECT ADDED ENTRY--TOPICAL TERM
Topical term or geographic name entry element Research
700 ## - ADDED ENTRY--PERSONAL NAME
Personal name Atienza, Leticia P.
700 ## - ADDED ENTRY--PERSONAL NAME
Personal name Mendoza, Catalino N.
942 ## - ADDED ENTRY ELEMENTS (KOHA)
Source of classification or shelving scheme Dewey Decimal Classification
Koha item type Book-Filipiniana
Call number prefix Fil. 001.42 Am484e 2008
Suppress in OPAC Yes
952 ## - LOCATION AND ITEM INFORMATION (KOHA)
--
Holdings
Withdrawn status Lost status Source of classification or shelving scheme Damaged status Not for loan Home library Current library Shelving location Date acquired Source of acquisition Cost, normal purchase price Total Checkouts Full call number Barcode Date last seen Copy number Price effective from Koha item type Uniform Resource Identifier
    Dewey Decimal Classification     College Library College Library Filipiniana 06/22/2009 Donation 0.00   Fil. 001.42 Am484e 2008 46672 09/24/2024 c1 09/24/2024 BK - FIL